000 00898cab a2200301 4500
001 ABS49713
008 090401t1993 xxu||||| |||| 00| 0 eng d
035 _a(Sirsi) u72470
041 _aeng
100 _aKlarfeld, A.
245 _aWhat price a valuer`s negligence
260 _c1993
350 _a0
490 _aMortgage Finance
_v75(1530) November 1993, 52-53(2)
520 _aExplains the calculation of damages, when a lender has successfully sued a surveyor for negligence in over-valuing a property.
650 _aINTEREST
650 _aMEASURE OF DAMAGES
650 _aMORTGAGE LENDERS
650 _aMOUNT BANKING CORPORATION V BRIAN COOPER & CO
650 _aNEGLIGENCE
650 _aOVER-VALUATION
650 _aSURVEYORS
650 _aSWINGCASTLE V ALASTAIR GIBSON
650 _aVALUERS
690 _aRATING AND VALUATION
942 _n0
948 _c04/03/1997
999 _c45793
_d45793